000 00572nam a2200229Ia 4500
003 OSt
005 20221006165942.0
006 a|||||r|||| 00| 0
007 ta
008 221006b |||||||| |||| 00| 0 hin d
024 _a1,888
037 _cTextual
040 _aFML
_cFML
_bhin
041 _2hin
_ahin
082 _aY7v, K0
100 _aNesturkh M Au.
_9680834
245 0 _aRaces of Mankind
260 _aMoscow
_bForigen Languages
_c1960
300 _a113
_ccm.
942 _hY7v, K0
_cTEXL
_2CC
999 _c1122551
_d1122551